00711nam a2200217 a 450000500170000000800410001702000180005802000150007604000250009104100080011604400080012408200160013210000370014824500430018526000610022830000370028950400530032665000430037965000360042265000350045820181212093330.0061026s1988 cau b 001 0 eng  a9781578051359 a1578051355 aCO-BoIAVHcCO-BoIAVH0 aeng axxu04a215.7bB53d1 aBerry, Thomasd1914-2009.eautor14aThe dream of the earth /cThomas Berry aSan Francisco (CA, EE.UU.) :bSierra Club Books,cc1988. axv, 247 páginas ;c23 x 16 cm. aIncluye referencias bibliográficas e índice.24aEcología humanaxAspectos religiosos26aNaturalezaxAspectos religiosos26aEcología humanaxFilosofía